AIDS Một vấn đề toàn cầu

Gespeichert in:
Bibliographische Detailangaben
Weitere Verfasser: Mai Huy Bổng (s.tầm, b.tập)
Format: Buch
Sprache:Vietnamese
Veröffentlicht: H. Hà nội 1994
Schlagworte:
Tags: Tag hinzufügen
Keine Tags, Fügen Sie den ersten Tag hinzu!
Thư viện lưu trữ: Mạng thư viện Đại học Đà Nẵng
LEADER 01202nam a2200361 4500
001 000006647
003 2805
005 20110916140950.0
008 110915s1994 viesd
020 |c 5000đ 
041 0 |a vie 
082 |a 362.196  |b Aid 
245 0 |a AIDS Một vấn đề toàn cầu  |c Mai Huy Bổng s.tầm, b.tập 
260 |a H.  |b Hà nội  |c 1994 
300 |a 91 tr  |c 19 cm 
500 |a Bộ Giáo dục và Đào tạo Ban chỉ đạo Giáo dục phòng chống aids và ma túy 
653 |a Aids 
653 |a một vấn đề 
653 |a Toàn cầu 
653 |a Văn bản 
653 |a nhà nước 
700 |a Mai Huy Bổng  |e s.tầm, b.tập 
910 |a Nguyễn Thị Kim Oanh  |d 15/09/2011 
OWN |a LSP 
AVA |a UDN50  |b LSP  |d 362.196 Aid  |e unavailable  |t Error 5002 Not defined in file expand_doc_bib_avail.  |f 1  |g 1  |h N  |i 0  |k 1 
999 |a From the UDN01 
AVA |a UDN50  |b LSP  |d 362.196 Aid  |e unavailable  |t Error 5002 Not defined in file expand_doc_bib_avail.  |f 1  |g 1  |h N  |i 0  |k 1 
TYP |a Monograph 
TYP |a Printed language 
980 |a Mạng thư viện Đại học Đà Nẵng